000
00304nam a2200121Ia 4500
005
20260328104247.0
008
260328s9999||||xx |||||||||||||| ||und||
100
_a
Le Corbusier
245
0
_a
Le Corbusier :
_b
Poésie sur Alger /
_c
Le Corbusier
260
_b
Falaize
650
_a
ARQUITECTOS
942
_c
BK
999
_c
10119
_d
10119